73 - Né(es) un 14 mars - Statistiques

Statistiques générales
  • Ce quiz a été pris 10 fois
  • Le résultat moyen est 6 sur 16
Statistiques - réponses
Hint Année de naissance Réponse % Correct
Physicien allemand. Auteur de l’équation E = mc2. 1879 Albert Einstein
100%
Réalisateur français. Il réalisa "Les Valseuses", "Préparez vos mouchoirs", "Buffet froid". 1939 Bertrand Blier
63%
Joueur de basket américain. Meneur des Golden Gate Warriors. Joueur ayant inscrit le plus de paniers à trois points en 2013, 2014, 2015, 2016, 2017, 2021, 2022 et 2024. 1988 Stephen Curry
63%
Devenu Prince de Monaco le 6 avril 2005. 1958 Albert II de Monaco
50%
Footballeur international français. Attaquant. Passé par le PSG, Manchester City et Mumbai City FC. 1979 Nicolas Anelka
50%
Roi d'Italie de 1861 à 1878. Fut surnommé "Père de la Patrie" et "Roi gentilhomme". 1820 Victor-Emmanuel II
50%
Acteur américain. Révélé par la comédie "Quand Harry rencontre Sally". Joua face à Robert de Niro dans "Mafia Blues". 1948 Billy Crystal
38%
Acteur britannique. Vu dans "L'Homme qui voulut être roi", "L'Éducation de Rita", "Hannah et ses sœurs" (Oscar 1987), "L'Œuvre de Dieu, la Part du Diable", "The Dark Knight". 1933 Michael Caine
38%
Producteur américain. A remporté 28 Grammy Awards. Produisit les albums "Thriller" (1982) et "Bad" (1987). 1933 Quincy Jones
38%
Peintre de "Saint Joseph charpentier", du "Tricheur à l'as de carreau" vers 1636 et de "La diseuse de bonne aventure" vers 1635. 1593 Georges de La Tour
25%
Danseur étoile français. Nommé danseur étoile de l'Opéra national de Paris en 1980. Nommé directeur de la danse du ballet de l'Opéra national de Paris en 1990. 1959 Patrick Dupond
25%
Réalisateur français. A réalisé "L'Attentat", "R.A.S.", "Dupont Lajoie", "Le Juge Fayard dit Le Shériff", "Un taxi mauve", "Le Prix du danger". 1939 Yves Boisset
25%
Historien français condisciple de Jean-Paul Sartre. Promoteur du libéralisme face à la montée des totalitarismes. Auteur de "L'Opium des intellectuels", "Dix-huit leçons sur la société industrielle", "Démocratie et Totalitarisme", "Les Étapes de la pensée sociologique", "Paix et guerre entre les nations". 1905 Raymond Aron
13%
Homme politique, écrivain, et mémorialiste français. Surnommé à ce titre de "Saint-Simon du monde parlementaire de Juillet". 1797 Charles de Rémusat
0%
Roi d'Italie de 1878 à 1900. Sous son règne, l'Italie tentera une expansion coloniale en Afrique. Assassiné par l'anarchiste Gaetano Bresci, 1844 Humbert Ier
0%
Poète et critique dramatique français. Célèbre pour les "Odes funambulesques" et "Les Exilés", il est surnommé "le poète du bonheur". 1823 Théodore de Banville
0%
Aucun quiz correspondant
Distribution des résultats
% des personnes avec chaque résultat
Percentile par nombre de réponses
Votre historique - résultats
Vous n’avez pas pris ce quiz